000 00324 a2200157 4500
001 158329
020 _a
040 _cMagnum
100 _aOliveira Lima
240 1 0 _aHistoria universal v.1
_lpor
245 1 0 _aHistoria universal v.1
362 0 _a1899
440 1 _aMelhoramentos
697 _aCOLECAO
942 _cBK
999 _c158329
_d158329